[Event "Pan American Intercollegiate-chT"]
[Site "Seattle"]
[Date "2023.01.06"]
[Round "2"]
[White "Burke, John M"]
[Black "Derakhshani, Dorsa"]
[Result "1-0"]
[WhiteElo "2566"]
[BlackElo "2270"]
[PlyCount "69"]
[EventDate "2023.01.05"]
[EventType "team-swiss"]
[EventRounds "6"]
[EventCountry "USA"]
[SourceTitle "CBM 212 Extra"]
[Source "ChessBase"]
[SourceDate "2023.03.31"]
[SourceVersion "1"]
[SourceVersionDate "2023.03.31"]
[SourceQuality "1"]
[WhiteTeam "Webster Univ"]
[BlackTeam "Missouri Univ II"]
[WhiteTeamCountry "USA"]
[BlackTeamCountry "USA"]

1. e4 e5 2. Nf3 Nc6 3. Bb5 a6 4. Ba4 d6 5. 0-0 Bd7 6. c3 g6 7. d4 Bg7 8. Re1 Nf6 9. h3 0-0 10. Bc2 Re8 11. Nbd2 h6 12. Nf1 Nh5 13. Be3 Na5 14. b3 b5 15. Qd2 g5 16. dxe5 dxe5 17. Rad1 Bc6 18. Qe2 Qf6 19. Nxe5 Qxe5 20. Qxh5 Qxc3 21. Bb1 Qf6 22. Ng3 Qg6 23. Qg4 Be5 24. Nf5 f6 25. f4 h5 26. Qg3 Bc3 27. Bd2 Bxd2 28. Rxd2 Kh8 29. Qc3 b4 30. Qxb4 Qxf5 31. exf5 Rxe1+ 32. Kh2 Rxb1 33. Qxa5 Rc1 34. Qxc7 gxf4 35. Rd6 1-0

[Event "Tianjin Prestigious Univ-ch"]
[Site "Tianjin"]
[Date "2019.11.29"]
[Round "10"]
[White "Derakhshani, Dorsa"]
[Black "Bogachkova, Alena"]
[Result "1-0"]
[WhiteElo "2277"]
[BlackElo "2080"]
[PlyCount "73"]
[EventDate "2019.11.26"]
[EventType "team-tourn"]
[EventRounds "11"]
[EventCountry "CHN"]
[SourceTitle "CBM 193 Extra"]
[Source "ChessBase"]
[SourceDate "2020.01.31"]
[SourceVersion "1"]
[SourceVersionDate "2020.01.31"]
[SourceQuality "1"]

1. e4 c5 2. Nf3 Nc6 3. d4 cxd4 4. Nxd4 e5 5. Nb5 d6 6. c4 Be7 7. N1c3 a6 8. Na3 Nf6 9. Be3 0-0 10. Qd2 Ng4 11. Nd5 Nxe3 12. Qxe3 Bg5 13. Qb6 Nd4 14. Bd3 Be6 15. Qxd8 Bxd8 16. Ne3 Ba5+ 17. Kf1 Rac8 18. b3 g6 19. Nac2 Bb6 20. Nb4 f5 21. Nbd5 Bd8 22. exf5 gxf5 23. f4 e4 24. Be2 b5 25. Rd1 Nxe2 26. Kxe2 bxc4 27. Nxc4 Rc5 28. Nce3 Bf7 29. Rd2 Bh5+ 30. Kf2 Kf7 31. Nxf5 Kg6 32. Nxd6 Ba5 33. b4 Rxd5 34. Rxd5 Bxb4 35. Rg5+ Kf6 36. Nxe4+ Ke6 37. Rxh5 1-0

[Event "Tianjin Prestigious Univ-ch"]
[Site "Tianjin"]
[Date "2019.11.29"]
[Round "11"]
[White "Serbanescu, Diana Maria"]
[Black "Derakhshani, Dorsa"]
[Result "0-1"]
[WhiteElo "1990"]
[BlackElo "2277"]
[PlyCount "110"]
[EventDate "2019.11.26"]
[EventType "team-tourn"]
[EventRounds "11"]
[EventCountry "CHN"]
[SourceTitle "CBM 193 Extra"]
[Source "ChessBase"]
[SourceDate "2020.01.31"]
[SourceVersion "1"]
[SourceVersionDate "2020.01.31"]
[SourceQuality "1"]

1. e4 e5 2. Nf3 Nc6 3. Bc4 Bc5 4. c3 Nf6 5. d3 a6 6. a4 d6 7. 0-0 Ba7 8. h3 Ne7 9. Bg5 Ng6 10. Qb3 0-0 11. Nh4 Nxh4 12. Bxh4 h6 13. Qd1 c6 14. Nd2 g5 15. Bg3 Be6 16. Kh2 h5 17. f3 h4 18. Bf2 Bxf2 19. Rxf2 Nh5 20. Nf1 d5 21. Ba2 Qf6 22. Qd2 Rad8 23. exd5 cxd5 24. d4 Nf4 25. Re1 e4 26. fxe4 dxe4 27. Bxe6 Qxe6 28. Rxf4 gxf4 29. Qxf4 f5 30. Qxh4 Rd7 31. Qg5+ Rg7 32. Qf4 Qg6 33. Ne3 Qg5 34. Rf1 Kh7 35. Qxg5 Rxg5 36. Rf4 Kg7 37. Kg1 Rf6 38. Kf2 Kf7 39. c4 Ke6 40. b4 Rf7 41. c5 Rd7 42. d5+ Ke5 43. Rxf5+ Rxf5+ 44. Nxf5 Kxf5 45. g4+ Kf4 46. d6 e3+ 47. Ke2 Ke4 48. h4 Rf7 49. b5 axb5 50. axb5 Rf2+ 51. Ke1 Rd2 52. g5 Kf3 53. g6 Rg2 54. Kd1 e2+ 55. Kd2 Rg1 0-1

[Event "Tianjin Prestigious Univ-ch"]
[Site "Tianjin"]
[Date "2019.11.26"]
[Round "1"]
[White "Derakhshani, Dorsa"]
[Black "Xiao, Yiyi"]
[Result "1-0"]
[WhiteElo "2277"]
[BlackElo "2306"]
[PlyCount "91"]
[EventDate "2019.11.26"]
[EventType "team-tourn"]
[EventRounds "11"]
[EventCountry "CHN"]
[SourceTitle "CBM 193 Extra"]
[Source "ChessBase"]
[SourceDate "2020.01.31"]
[SourceVersion "1"]
[SourceVersionDate "2020.01.31"]
[SourceQuality "1"]

1. e4 e5 2. Nf3 Nc6 3. Nc3 Nf6 4. d4 Bb4 5. Nxe5 Qe7 6. Qd3 Nxe5 7. dxe5 Qxe5 8. Bd2 0-0 9. f3 d6 10. 0-0-0 Bd7 11. g4 Bc6 12. Kb1 a5 13. h4 Rfe8 14. g5 Nh5 15. Bh3 Nf4 16. Bxf4 Qxf4 17. Ne2 Qe5 18. Nd4 Bc5 19. Nf5 a4 20. a3 Ra6 21. Ne3 Bb5 22. Qxb5 Rb6 23. Nc4 Rxb5 24. Nxe5 Rxe5 25. Bd7 c6 26. Rd3 Kf8 27. Kc1 Ke7 28. Bf5 g6 29. f4 gxf5 30. fxe5 fxe4 31. exd6+ Bxd6 32. Re1 Bf4+ 33. Kd1 f5 34. gxf6+ Kxf6 35. Rxe4 Kf5 36. Rxa4 Be5 37. b3 h5 38. Rf3+ Kg6 39. Re4 Rd5+ 40. Rd3 Kf5 41. Rb4 Rxd3+ 42. cxd3 b5 43. a4 Bc3 44. Re4 bxa4 45. bxa4 c5 46. Ke2 1-0